00291nam a2200097Ia 4500008004100000082001400041100001400055245008200069260003300151300000900184210430s9999 xx 000 0 und d a374D576 I aAnwar Dil aIntercultural Learning My Students at U.S.International UniversitycAnwar Dil aCaliforniabLinguisticc2004 a552p